000 01155 am a2200313 a 4500
005 20240614082739.0
008 100503s1994||||ag a f |||| 001 0 spa d
020 _a9500608715
041 _aspa
092 _c612
_l31
_sGUY
100 1 _aGuyton, Arthur C.
_9252
245 _aAnatomía y fisiología del sistema nervioso.
_bNeurociencia básica /
_cArthur C. Guyton.
250 _a2a ed. 1a reimp.
_bTraducción Diana Klayn
260 _aBuenos Aires:
_bEditorial Médica Panamericana;
_c1997.
300 _a472 p.
500 _aGuyton, A. C. (1997). Anatomía y fisiología del sistema nervioso. Neurociencia básica. (2a ed.). Buenos Aires : Editorial Médica Panamericana.
590 _aDonación Cecilia Fontana, 2007
653 _aAnatomía macroscópica
653 _aBiofísica de membrana y señales nerviosas
653 _aSNC: principios generales y fisiología sensorial
653 _aSNC: los sentidos especiales
653 _aSNC: Neurofisiología motora e integradora
653 _aControl nervioso de las funciones orgánicas
930 _a1822
930 _a1633
930 _a1126
930 _a801
942 _2ddc
_cBK
999 _c287
_d287